000 00586nab a2200181 4500
001 244442
003 OSt
005 20260108131145.0
007 tu
008 260108s2020|||||||
040 _aDE-2950
_cDE-2950
245 0 0 _aDie Trauerhalle bleibt weiterhin zu
_bSanierung. Eigentlich war angestrebt, dass das Gebäude auf dem Hauptfriedhof Ende 2025 wieder öffnet. Daraus wird nichts/
_ctme
264 _c2025
653 _aFrankfurt (Oder)
653 _aTrauerhalle
773 0 _g36. Jahrgang (2025) Nr. 296 vom 20.12.2025, S. 19 mit Foto
_tMärkische Oderzeitung
942 _2z
_cA
999 _c374177
_d374177